00553nam a2200205Ia 4500003000400000005001700004008004100021020001500062040001800077041000800095082002100103100002300124245006000147250001200207260003800219300002400257650002600281650002100307700001900328OSt20241213102205.0210716s1980 xx 000 0 und d a0553149466 cAIMIT LIBRARY aeng a808.83 21bGUIU aGuin, Ursula K Le. aTombs of atuan /cBy Ursula K Le Guin and Gail Garraty. a1st ed. aNew York :bBantam books ;c1980. a146p. ;bPBc18 cm. aWall around the place aDreams and tales aGarraty, Gail.